High-performance liquid chromatographic enantioseparation of unnatural β-amino acids on chiral stationary phases

Elmentve itt :
Bibliográfiai részletek
Szerző: Sipos László
További közreműködők: Fülöp Ferenc (Témavezető)
Péter Antal (Témavezető)
Dokumentumtípus: Disszertáció
Megjelent: 2013-06-14
Tárgyszavak:
doi:10.14232/phd.1785

mtmt:2852008
Online Access:http://doktori.ek.szte.hu/1785
LEADER 01205nta a2200253 i 4500
001 dokt1785
005 20191216142816.0
008 130515s2013 hu om 0|| eng d
024 7 |a 10.14232/phd.1785  |2 doi 
024 7 |a 2852008  |2 mtmt 
040 |a SZTE Doktori Repozitórium  |b hun 
041 |a eng 
100 1 |a Sipos László 
245 1 0 |a High-performance liquid chromatographic enantioseparation of unnatural β-amino acids on chiral stationary phases  |h [elektronikus dokumentum] /  |c  Sipos László 
246 1 0 |a Nem természetes b-aminosav enantiomerek nagyhatékonyságú folyadékkromatográfiás elválasztása királis állófázisokon  |h [elektronikus dokumentum] 
260 |c 2013-06-14 
502 |a Disszertacio 
650 4 |a gyógyszerészeti tudományok 
650 4 |a Farmakológia és gyógyszerészet 
700 0 1 |a Fülöp Ferenc  |e ths 
700 0 1 |a Péter Antal  |e ths 
856 4 0 |u https://doktori.bibl.u-szeged.hu/id/eprint/1785/1/THESIS.pdf  |z Dokumentum-elérés  
856 4 0 |u https://doktori.bibl.u-szeged.hu/id/eprint/1785/7/t%C3%A9zisf%C3%BCzet_angol.pdf  |z Dokumentum-elérés  
856 4 0 |u https://doktori.bibl.u-szeged.hu/id/eprint/1785/8/t%C3%A9zisf%C3%BCzet_magyar.pdf  |z Dokumentum-elérés